[Event "44th Chess Olympiad Open 2022"]
[Site "Chennai"]
[Date "2022.08.01"]
[Round "4.16"]
[White "Zwardon, Vojtech"]
[Black "Veljanoski, Andrej"]
[Result "1-0"]
[WhiteElo "2503"]
[BlackElo "2162"]
[Annotator "TA"]
[PlyCount "77"]
[EventDate "2022.07.29"]
[EventType "team-tourn"]
[EventCountry "IND"]
[SourceTitle "playchess.com"]
[Source "ChessBase"]
[SourceQuality "1"]
[WhiteTeam "Czech Republic"]
[BlackTeam "Macedonia"]
[WhiteTeamCountry "CZE"]
[BlackTeamCountry "MKD"]

1. c4 Nf6 2. Nc3 e6 3. e4 c5 4. Nf3 Nc6 5. d4 cxd4 6. Nxd4 Bb4 7. Nxc6 bxc6 8.
Bd3 d5 9. exd5 exd5 10. O-O O-O 11. Qa4 Bd6 12. Qxc6 Be6 13. cxd5 Ng4 14. h3
Ne5 15. Qa4 Bxh3 16. Be2 Bd7 17. Qd4 Ng6 18. g3 Rc8 19. Ne4 Be5 20. Qxa7 Bb8
21. Qa6 f5 22. Bg5 Qe8 23. Nd6 Qe5 24. Nxc8 Bxc8 25. Qc4 f4 26. gxf4 Qf5 27.
Qd3 h6 28. Rac1 Bd7 29. Qxf5 Bxf5 30. Rfd1 hxg5 31. fxg5 Bd7 32. d6 Rf5 33.
Bc4+ Kh7 34. Rd5 Ne5 35. f4 Nf3+ 36. Kg2 Rxf4 37. Kg3 Rh4 38. Kxf3 Bc6 39. Bd3+
1-0

[Event "44th Chess Olympiad Open 2022"]
[Site "Chennai"]
[Date "2022.08.01"]
[Round "4.16"]
[White "Stanojoski, Zvonko"]
[Black "Navara, David"]
[Result "1/2-1/2"]
[WhiteElo "2412"]
[BlackElo "2688"]
[Annotator "TA"]
[PlyCount "155"]
[EventDate "2022.07.29"]
[EventType "team-tourn"]
[EventCountry "IND"]
[SourceTitle "playchess.com"]
[Source "ChessBase"]
[SourceQuality "1"]
[WhiteTeam "Macedonia"]
[BlackTeam "Czech Republic"]
[WhiteTeamCountry "MKD"]
[BlackTeamCountry "CZE"]

1. e4 c6 2. d4 d5 3. Nc3 dxe4 4. Nxe4 Nf6 5. Nxf6+ exf6 6. c3 Bd6 7. Bd3 O-O 8.
Qc2 Re8+ 9. Ne2 h5 10. O-O h4 11. h3 Nd7 12. Bf4 Nf8 13. Bxd6 Qxd6 14. Rfe1 Bd7
15. Rad1 Re7 16. Nc1 Rae8 17. Rxe7 Rxe7 18. Qd2 Ne6 19. Bf5 g5 20. Bxe6 Qxe6
21. b3 g4 22. Qh6 g3 23. Qd2 Qe4 24. Nd3 Qe2 25. Qxe2 Rxe2 26. fxg3 hxg3 27.
Nf4 Rxa2 28. Nh5 Bf5 29. Nxg3 Bc2 30. Rd2 Bxb3 31. Rxa2 Bxa2 32. Kf2 a5 33. Ke3
a4 34. Nh5 Bd5 35. Kd3 Bxg2 36. Nf4 Bf1+ 37. Kc2 Bc4 38. Kb2 Kf8 39. Ka3 Bb3
40. h4 b6 41. Kb4 c5+ 42. Ka3 Ke7 43. Kb2 Bd1 44. Ka3 Kd6 45. h5 Bc2 46. h6 b5
47. Kb2 Bh7 48. dxc5+ Kc6 49. Nh5 f5 50. Nf6 Bg6 51. h7 Bxh7 52. Nxh7 Kxc5 53.
Ng5 f4 54. Nxf7 Kd5 55. Ng5 Ke5 56. Ka3 Kf5 57. Nh3 Kg4 58. Nf2+ Kf3 59. Nh3
Kg3 60. Ng5 Kg4 61. Ne4 f3 62. Kb4 Kf4 63. Nd2 f2 64. c4 Ke3 65. Nf1+ Ke2 66.
Ng3+ Kf3 67. Nf1 a3 68. Kxa3 Ke2 69. Ng3+ Kf3 70. Nf1 bxc4 71. Kb2 Ke2 72. Ng3+
Kf3 73. Nf1 Ke2 74. Ng3+ Kd2 75. Ne4+ Ke1 76. Nxf2 Kxf2 77. Kc3 Ke3 78. Kxc4
1/2-1/2

[Event "44th Chess Olympiad Open 2022"]
[Site "Chennai"]
[Date "2022.08.01"]
[Round "4.16"]
[White "Nikolovski, Nikola"]
[Black "Michalik, Peter"]
[Result "0-1"]
[WhiteElo "2366"]
[BlackElo "2559"]
[Annotator "TA"]
[PlyCount "76"]
[EventDate "2022.07.29"]
[EventType "team-tourn"]
[EventCountry "IND"]
[SourceTitle "playchess.com"]
[Source "ChessBase"]
[SourceQuality "1"]
[WhiteTeam "Macedonia"]
[BlackTeam "Czech Republic"]
[WhiteTeamCountry "MKD"]
[BlackTeamCountry "CZE"]

1. f4 d5 2. Nf3 g6 3. e3 Bg7 4. Be2 Nf6 5. O-O O-O 6. d3 b6 7. a4 c5 8. a5 b5
9. Ne5 Ne8 10. Bf3 f6 11. Ng4 Nc6 12. c4 Bxg4 13. Bxg4 bxc4 14. dxc4 d4 15. Bf3
Rc8 16. Bd5+ Kh8 17. e4 Nb4 18. f5 Nxd5 19. exd5 gxf5 20. Ra3 Nd6 21. Rh3 Qe8
22. Nd2 Rc7 23. b3 Rg8 24. Nf3 e5 25. dxe6 Bf8 26. Nh4 Re7 27. b4 Rxe6 28. bxc5
Ne4 29. Nxf5 Bxc5 30. Qd3 Qd7 31. Rh4 Qb7 32. Rf3 Nc3 33. Ng3 Re1+ 34. Rf1 Ne2+
35. Kf2 Nxc1 36. Qf5 Re2+ 37. Nxe2 Qxg2+ 38. Ke1 Qxe2# 0-1

[Event "44th Chess Olympiad Open 2022"]
[Site "Chennai"]
[Date "2022.08.01"]
[Round "4.17"]
[White "Mchedlishvili, Mikheil"]
[Black "Ibarra Chami, Luis Fernando"]
[Result "1-0"]
[WhiteElo "2593"]
[BlackElo "2452"]
[Annotator "TA"]
[PlyCount "57"]
[EventDate "2022.07.29"]
[EventType "team-tourn"]
[EventCountry "IND"]
[SourceTitle "playchess.com"]
[Source "ChessBase"]
[SourceQuality "1"]
[WhiteTeam "Georgia"]
[BlackTeam "Mexico"]
[WhiteTeamCountry "GEO"]
[BlackTeamCountry "MEX"]

1. e4 c5 2. Nf3 Nc6 3. Bb5 g6 4. O-O Bg7 5. c3 e5 6. d4 cxd4 7. cxd4 exd4 8.
Bf4 a6 9. Ba4 Nge7 10. Bd6 b5 11. Bb3 Bb7 12. Ng5 O-O 13. Qf3 Qe8 14. Qg3 Na5
15. Nd2 h6 16. Ngf3 Rc8 17. Ne5 Nxb3 18. Nxb3 Bxe4 19. Nxd4 Nf5 20. Nxf5 Bxf5
21. Rfe1 Qd8 22. Bxf8 Qxf8 23. Rad1 Qb4 24. b3 Rc2 25. Qe3 Rxa2 26. Nxd7 Bc3
27. Qe8+ Kg7 28. Re7 Be6 29. Qf8+ 1-0

[Event "44th Chess Olympiad Open 2022"]
[Site "Chennai"]
[Date "2022.08.01"]
[Round "4.17"]
[White "Pantsulaia, Levan"]
[Black "Montes Orozco, Miguel Angel"]
[Result "1-0"]
[WhiteElo "2581"]
[BlackElo "2070"]
[Annotator "TA"]
[PlyCount "125"]
[EventDate "2022.07.29"]
[EventType "team-tourn"]
[EventCountry "IND"]
[SourceTitle "playchess.com"]
[Source "ChessBase"]
[SourceQuality "1"]
[WhiteTeam "Georgia"]
[BlackTeam "Mexico"]
[WhiteTeamCountry "GEO"]
[BlackTeamCountry "MEX"]

1. Nf3 d5 2. g3 Nf6 3. Bg2 e6 4. O-O Be7 5. d3 O-O 6. Nbd2 Nc6 7. d4 b5 8. Nb3
a5 9. a4 Ba6 10. Ne5 Nxe5 11. dxe5 Nd7 12. axb5 Bxb5 13. Nd4 Qb8 14. b3 Nxe5
15. c4 Bd7 16. cxd5 exd5 17. Bxd5 Ra6 18. Qc2 Rd6 19. Rxa5 Qb6 20. Qc5 Rd8 21.
Bg2 Qxc5 22. Rxc5 Rxd4 23. Rxe5 Be6 24. Be3 Rb4 25. Bc5 Bxc5 26. Rxc5 Rd7 27.
Rfc1 Rxb3 28. f4 g6 29. Rxc7 Rd2 30. Bf3 h5 31. R7c2 Rd4 32. Rc3 Rb2 33. h4 Kg7
34. Kf2 Rdd2 35. Rc7 Rd6 36. Ra1 Ra2 37. Rb1 Rd7 38. Rxd7 Bxd7 39. Bd5 Rd2 40.
Bc4 Rd4 41. Bd3 Be6 42. Rb5 Kf6 43. Rg5 Bg4 44. Ra5 Be6 45. Ra6 Kg7 46. Ke3 Rb4
47. Ra5 Kf6 48. Kd2 Rd4 49. Kc3 Rd7 50. e4 Rc7+ 51. Kd4 Rd7+ 52. Ke3 Re7 53.
Ra6 Kg7 54. Rd6 Bg4 55. Kd4 Ra7 56. Bc4 Kf8 57. Bd5 Kg7 58. Rb6 Re7 59. Kc5 Bf3
60. Kd6 Rxe4 61. Bxe4 Bxe4 62. Ke7 Bf5 63. Rf6 1-0

[Event "44th Chess Olympiad Open 2022"]
[Site "Chennai"]
[Date "2022.08.01"]
[Round "4.17"]
[White "Hernandez Guerrero, Gilberto"]
[Black "Jobava, Baadur"]
[Result "0-1"]
[WhiteElo "2560"]
[BlackElo "2585"]
[Annotator "TA"]
[PlyCount "92"]
[EventDate "2022.07.29"]
[EventType "team-tourn"]
[EventCountry "IND"]
[SourceTitle "playchess.com"]
[Source "ChessBase"]
[SourceQuality "1"]
[WhiteTeam "Mexico"]
[BlackTeam "Georgia"]
[WhiteTeamCountry "MEX"]
[BlackTeamCountry "GEO"]

1. e4 c6 2. Nf3 d5 3. d3 g6 4. Nbd2 Bg7 5. g3 Nh6 6. Bg2 O-O 7. O-O e5 8. Re1
f6 9. b3 Nf7 10. Bb2 Na6 11. a3 Nc7 12. b4 Rb8 13. exd5 cxd5 14. c4 d4 15. a4
Re8 16. b5 Bf8 17. Qb3 Ne6 18. Ba3 Kg7 19. Ne4 b6 20. Bxf8+ Rxf8 21. a5 Bb7 22.
Qa3 g5 23. h3 h5 24. Nh2 f5 25. Nd2 Bxg2 26. Kxg2 g4 27. h4 Qf6 28. axb6 axb6
29. Qb2 Nc5 30. Qc2 f4 31. Ne4 Nxe4 32. Rxe4 Nd6 33. Ree1 Rf7 34. Kg1 Nb7 35.
Ra7 Nc5 36. Rxf7+ Kxf7 37. Nf1 Qf5 38. gxf4 exf4 39. Qe2 Qf6 40. Nd2 f3 41. Qe5
Qxe5 42. Rxe5 Re8 43. Rf5+ Kg6 44. Rg5+ Kf6 45. Rxh5 Re1+ 46. Kh2 Nxd3 0-1

[Event "44th Chess Olympiad Open 2022"]
[Site "Chennai"]
[Date "2022.08.01"]
[Round "4.17"]
[White "Diaz Rosas, Julio Cesar"]
[Black "Paichadze, Luka"]
[Result "1/2-1/2"]
[WhiteElo "2328"]
[BlackElo "2561"]
[Annotator "TA"]
[PlyCount "141"]
[EventDate "2022.07.29"]
[EventType "team-tourn"]
[EventCountry "IND"]
[SourceTitle "playchess.com"]
[Source "ChessBase"]
[SourceQuality "1"]
[WhiteTeam "Mexico"]
[BlackTeam "Georgia"]
[WhiteTeamCountry "MEX"]
[BlackTeamCountry "GEO"]

1. d4 Nf6 2. c4 e6 3. Nc3 Bb4 4. a3 Bxc3+ 5. bxc3 O-O 6. Bg5 d5 7. e3 Nbd7 8.
cxd5 exd5 9. Bd3 c5 10. Ne2 Qa5 11. O-O Ne4 12. Bh4 Re8 13. Ng3 Qxc3 14. Nxe4
dxe4 15. Bb5 a6 16. Rc1 Qxa3 17. Bc4 Nf8 18. dxc5 Be6 19. Be2 Qa2 20. Rc2 Qa4
21. Qd2 Ng6 22. Bg3 Rad8 23. Qc1 Ne7 24. Rb2 Bd5 25. Qb1 Qd7 26. Rc1 Bc6 27. h3
Nd5 28. Bc4 Qc8 29. Qa1 Qf5 30. Qb1 Rd7 31. Be2 h5 32. Qa2 Nc7 33. Qa5 Nb5 34.
Rd2 Ree7 35. Rdc2 Kh7 36. Qe1 Rd5 37. Kh1 Qf6 38. Bf4 Na3 39. Rd2 Rxd2 40. Qxd2
h4 41. Bg4 Nb5 42. Qd8 Re8 43. Qxf6 gxf6 44. Bf5+ Kh8 45. g3 hxg3 46. Bxg3 Kg7
47. Kh2 a5 48. Ra1 a4 49. Rxa4 Nd6 50. cxd6 Bxa4 51. d7 Rd8 52. Bc7 Rxd7 53.
Bxd7 Bxd7 54. Bb6 Kg6 55. Kg3 Kg5 56. h4+ Kh5 57. Bd4 f5 58. Bf6 b5 59. Be7 Bc8
60. Kf4 Be6 61. Kg3 Kg6 62. Kf4 f6 63. Bb4 Kh5 64. Kg3 Bc4 65. Kf4 Kxh4 66.
Kxf5 Bd3 67. Kxf6 Kg4 68. Ke5 Kf3 69. Kd4 Kxf2 70. Bc5 b4 71. Bxb4 1/2-1/2

[Event "44th Chess Olympiad Open 2022"]
[Site "Chennai"]
[Date "2022.08.01"]
[Round "4.18"]
[White "Mastrovasilis, Dimitrios"]
[Black "Petkov, Momchil"]
[Result "0-1"]
[WhiteElo "2599"]
[BlackElo "2510"]
[Annotator "TA"]
[PlyCount "106"]
[EventDate "2022.07.29"]
[EventType "team-tourn"]
[EventCountry "IND"]
[SourceTitle "playchess.com"]
[Source "ChessBase"]
[SourceQuality "1"]
[WhiteTeam "Greece"]
[BlackTeam "Bulgaria"]
[WhiteTeamCountry "GRE"]
[BlackTeamCountry "BUL"]

1. e4 c5 2. Nf3 d6 3. Bb5+ Nd7 4. O-O a6 5. Bxd7+ Bxd7 6. c3 Nf6 7. Re1 Bc6 8.
d4 Bxe4 9. Bg5 Bc6 10. Bxf6 gxf6 11. d5 Bd7 12. Nbd2 e5 13. dxe6 Bxe6 14. Ne4
Be7 15. c4 Qd7 16. Qc2 O-O-O 17. Rad1 Qc6 18. Nc3 Rde8 19. Nd5 Bd8 20. Re3 Kb8
21. b3 h5 22. Qc3 Reg8 23. Nxf6 Bxf6 24. Qxf6 h4 25. Qf4 h3 26. Rxd6 Rxg2+ 27.
Kf1 Qc7 28. Red3 Bc8 29. R3d5 Re8 30. Rxc5 Rg4 31. Rxc7 Rxf4 32. Rxc8+ Kxc8 33.
Ng5 Rh4 34. Rd3 Rd8 35. Rxd8+ Kxd8 36. Nxf7+ Ke7 37. Ng5 Kf6 38. Nf3 Rh8 39.
Ng1 Ke5 40. Ke2 Kd4 41. Kd2 Rf8 42. f4 Rh8 43. f5 Ke5 44. Ke3 Kxf5 45. Kd4 Rd8+
46. Kc5 Rd3 47. Kb6 Rg3 48. Nxh3 Rxh3 49. Kxb7 Rxh2 50. a4 a5 51. Kb6 Rb2 52.
Kxa5 Rxb3 53. Ka6 Ke6 0-1

[Event "44th Chess Olympiad Open 2022"]
[Site "Chennai"]
[Date "2022.08.01"]
[Round "4.18"]
[White "Banikas, Hristos"]
[Black "Georgiev, Todor"]
[Result "1-0"]
[WhiteElo "2598"]
[BlackElo "2272"]
[Annotator "TA"]
[PlyCount "70"]
[EventDate "2022.07.29"]
[EventType "team-tourn"]
[EventCountry "IND"]
[SourceTitle "playchess.com"]
[Source "ChessBase"]
[SourceQuality "1"]
[WhiteTeam "Greece"]
[BlackTeam "Bulgaria"]
[WhiteTeamCountry "GRE"]
[BlackTeamCountry "BUL"]

1. d4 Nf6 2. c4 g6 3. g3 Bg7 4. Bg2 O-O 5. Nc3 d6 6. Nf3 Nc6 7. O-O e5 8. dxe5
dxe5 9. Bg5 Be6 10. Qc1 Qc8 11. Rd1 Nd7 12. Nd5 Re8 13. Bh6 f6 14. Bxg7 Kxg7
15. b3 a5 16. Qa3 Bg4 17. Rd2 Nf8 18. Ne1 h5 19. Rad1 h4 20. gxh4 Nd4 21. f3
Be6 22. e4 Bf7 23. Qb2 c6 24. Nb6 Qc7 25. Nxa8 Rxa8 26. c5 Nfe6 27. Nc2 Qe7 28.
Qc3 Nb5 29. Qe3 Nxc5 30. h5 g5 31. h4 Rh8 32. hxg5 fxg5 33. Bh3 Rxh5 34. Bf5
Bg6 35. Rd7 Kf6 1-0

[Event "44th Chess Olympiad Open 2022"]
[Site "Chennai"]
[Date "2022.08.01"]
[Round "4.18"]
[White "Stoyanov, Tsvetan"]
[Black "Theodorou, Nikolas"]
[Result "0-1"]
[WhiteElo "2450"]
[BlackElo "2575"]
[Annotator "TA"]
[PlyCount "66"]
[EventDate "2022.07.29"]
[EventType "team-tourn"]
[EventCountry "IND"]
[SourceTitle "playchess.com"]
[Source "ChessBase"]
[SourceQuality "1"]
[WhiteTeam "Bulgaria"]
[BlackTeam "Greece"]
[WhiteTeamCountry "BUL"]
[BlackTeamCountry "GRE"]

1. e4 c5 2. Nf3 Nc6 3. Bb5 e6 4. Bxc6 bxc6 5. O-O Ne7 6. Re1 Ng6 7. e5 Be7 8.
c4 f6 9. Nc3 fxe5 10. Nxe5 Nxe5 11. Rxe5 O-O 12. Re1 Bh4 13. Rf1 e5 14. d3 d5
15. Qe2 Bf5 16. cxd5 cxd5 17. f4 Qd7 18. Qh5 Be7 19. Qf3 Rad8 20. fxe5 c4 21.
dxc4 Bc5+ 22. Kh1 d4 23. Bg5 dxc3 24. Qxc3 Rde8 25. h3 Bd4 26. Qa3 Be4 27. Rae1
Rxf1+ 28. Rxf1 h6 29. Bc1 Qc6 30. Qg3 Re6 31. Re1 Rg6 32. Qh4 Bxg2+ 33. Kh2 Bf1
0-1

[Event "44th Chess Olympiad Open 2022"]
[Site "Chennai"]
[Date "2022.08.01"]
[Round "4.18"]
[White "Tashev, Aleksandar"]
[Black "Ioannidis, Evgenios"]
[Result "0-1"]
[WhiteElo "2262"]
[BlackElo "2459"]
[Annotator "TA"]
[PlyCount "26"]
[EventDate "2022.07.29"]
[EventType "team-tourn"]
[EventCountry "IND"]
[SourceTitle "playchess.com"]
[Source "ChessBase"]
[SourceQuality "1"]
[WhiteTeam "Bulgaria"]
[BlackTeam "Greece"]
[WhiteTeamCountry "BUL"]
[BlackTeamCountry "GRE"]

1. d4 Nf6 2. c4 e6 3. g3 c5 4. Nf3 cxd4 5. Nxd4 d5 6. Bg2 e5 7. Nf3 d4 8. O-O
Nc6 9. e3 Bg4 10. Qb3 Qc7 11. exd4 e4 12. Ne5 Nxd4 13. Qa4+ b5 0-1

[Event "44th Chess Olympiad Open 2022"]
[Site "Chennai"]
[Date "2022.08.01"]
[Round "4.19"]
[White "Bjerre, Jonas Buhl"]
[Black "Kantans, Toms"]
[Result "0-1"]
[WhiteElo "2608"]
[BlackElo "2486"]
[Annotator "TA"]
[PlyCount "112"]
[EventDate "2022.07.29"]
[EventType "team-tourn"]
[EventCountry "IND"]
[SourceTitle "playchess.com"]
[Source "ChessBase"]
[SourceQuality "1"]
[WhiteTeam "Denmark"]
[BlackTeam "Latvia"]
[WhiteTeamCountry "DEN"]
[BlackTeamCountry "LAT"]

1. d4 Nf6 2. Nf3 g6 3. Nbd2 d5 4. e3 Bg7 5. b4 O-O 6. c4 a5 7. b5 c5 8. Bb2
Nbd7 9. Be2 a4 10. Rc1 dxc4 11. Nxc4 a3 12. Ba1 Ne4 13. O-O cxd4 14. Bxd4 Bxd4
15. Qxd4 Ndf6 16. Nb6 Rb8 17. Rfd1 Be6 18. Rc2 Bf5 19. Rdc1 Nd6 20. Rc3 Bg4 21.
Rxa3 Bxf3 22. gxf3 Nd7 23. Nd5 Nf5 24. Qf4 e6 25. Nb4 e5 26. Qe4 Nf6 27. Qc4
Qe7 28. Rac3 Rbc8 29. Qxc8 Rxc8 30. Rxc8+ Kg7 31. Nd3 e4 32. R8c7 Qd6 33. Nf4
g5 34. Ng2 b6 35. f4 h6 36. a4 Nd5 37. R7c6 Qa3 38. fxg5 hxg5 39. Bf1 Qxa4 40.
h3 Qa3 41. Rd1 Nc3 42. Re1 Ne7 43. Rxb6 Ng6 44. Rxg6+ Kxg6 45. h4 f6 46. hxg5
fxg5 47. Be2 Kf5 48. Bh5 Qb2 49. Be8 Kg4 50. Kf1 Qd2 51. Kg1 Kh3 52. b6 Qd6 53.
Kf1 Kh2 54. Bh5 Qxb6 55. Bg4 Qb5+ 56. Be2 Qf5 0-1

[Event "44th Chess Olympiad Open 2022"]
[Site "Chennai"]
[Date "2022.08.01"]
[Round "4.19"]
[White "Thybo, Jesper Sondergaard"]
[Black "Golubovskis, Maksims"]
[Result "1-0"]
[WhiteElo "2520"]
[BlackElo "2219"]
[Annotator "TA"]
[PlyCount "107"]
[EventDate "2022.07.29"]
[EventType "team-tourn"]
[EventCountry "IND"]
[SourceTitle "playchess.com"]
[Source "ChessBase"]
[SourceQuality "1"]
[WhiteTeam "Denmark"]
[BlackTeam "Latvia"]
[WhiteTeamCountry "DEN"]
[BlackTeamCountry "LAT"]

1. e4 c5 2. Nf3 d6 3. d4 cxd4 4. Qxd4 Nc6 5. Qe3 Nf6 6. Be2 g6 7. h3 Bg7 8. O-O
O-O 9. Rd1 b6 10. c4 Bb7 11. Nc3 Nd7 12. Bd2 Rc8 13. Rac1 Nce5 14. Nxe5 Nxe5
15. b3 Nc6 16. Be1 Qd7 17. f4 Rcd8 18. Bh4 Qe6 19. Nd5 f5 20. b4 Rd7 21. Bf3
Kh8 22. Kh1 Nd8 23. Re1 fxe4 24. Bg4 Rf5 25. Qxe4 Qf7 26. Bxf5 gxf5 27. Qe2 e5
28. Bg3 e4 29. Red1 Ne6 30. Qe3 h5 31. Be1 Bxd5 32. Rxd5 Nc7 33. Rdd1 Kh7 34.
Bc3 Bh6 35. Bd2 Ne6 36. Qf2 b5 37. c5 d5 38. c6 Rd6 39. Be3 Qc7 40. Qe2 Kg6 41.
Qxb5 d4 42. g4 hxg4 43. hxg4 Bxf4 44. Qxf5+ Kg7 45. Bxf4 Nxf4 46. Qe5+ Kh7 47.
Qxe4+ Kg7 48. Qe5+ Kh7 49. Kg1 Ng6 50. Qh2+ Nh4 51. Qxh4+ Rh6 52. Qf2 Rh3 53.
Rxd4 Rg3+ 54. Kf1 1-0

[Event "44th Chess Olympiad Open 2022"]
[Site "Chennai"]
[Date "2022.08.01"]
[Round "4.19"]
[White "Reimanis, Ritvars"]
[Black "Andersen, Mads"]
[Result "1/2-1/2"]
[WhiteElo "2377"]
[BlackElo "2587"]
[Annotator "TA"]
[PlyCount "61"]
[EventDate "2022.07.29"]
[EventType "team-tourn"]
[EventCountry "IND"]
[SourceTitle "playchess.com"]
[Source "ChessBase"]
[SourceQuality "1"]
[WhiteTeam "Latvia"]
[BlackTeam "Denmark"]
[WhiteTeamCountry "LAT"]
[BlackTeamCountry "DEN"]

1. d4 d5 2. c4 c6 3. Nf3 Nf6 4. e3 e6 5. Nc3 Nbd7 6. Qc2 Bd6 7. Be2 O-O 8. O-O
b6 9. e4 Nxe4 10. Nxe4 dxe4 11. Qxe4 Bb7 12. Rd1 Qc7 13. Bd3 g6 14. Qh4 c5 15.
Be4 Bxe4 16. Qxe4 Rfe8 17. Bg5 e5 18. dxe5 Nxe5 19. g3 Nxf3+ 20. Qxf3 Be5 21.
Rd2 Bd4 22. Bf6 Bxf6 23. Qxf6 Qe7 24. Qxe7 Rxe7 25. Rad1 Kf8 26. Kg2 Rae8 27.
b3 h5 28. h4 Re6 29. Kf1 R8e7 30. Rd8+ Kg7 31. R8d2 1/2-1/2

[Event "44th Chess Olympiad Open 2022"]
[Site "Chennai"]
[Date "2022.08.01"]
[Round "4.19"]
[White "Ungurs, Edgars"]
[Black "Haubro, Martin"]
[Result "1-0"]
[WhiteElo "2206"]
[BlackElo "2411"]
[Annotator "TA"]
[PlyCount "117"]
[EventDate "2022.07.29"]
[EventType "team-tourn"]
[EventCountry "IND"]
[SourceTitle "playchess.com"]
[Source "ChessBase"]
[SourceQuality "1"]
[WhiteTeam "Latvia"]
[BlackTeam "Denmark"]
[WhiteTeamCountry "LAT"]
[BlackTeamCountry "DEN"]

1. e4 e5 2. Nf3 Nc6 3. Bb5 a6 4. Ba4 Nf6 5. O-O Be7 6. d3 b5 7. Bb3 d6 8. a4
Bd7 9. Bd2 O-O 10. axb5 axb5 11. Nc3 Na5 12. Nd5 Nxd5 13. Bxd5 c6 14. Ba2 Nb7
15. b4 Kh8 16. Qe2 f5 17. h3 Qe8 18. Bb3 Qg6 19. Rxa8 Rxa8 20. Kh1 Nd8 21. Re1
fxe4 22. dxe4 Ne6 23. Qd3 Qe8 24. Be3 h6 25. Rd1 Nf8 26. Ng1 Be6 27. Ne2 Qf7
28. Bxe6 Qxe6 29. Ng3 Bf6 30. Bb6 Bd8 31. Bxd8 Rxd8 32. Ra1 Ng6 33. Ra7 Rd7 34.
Ra6 Ne7 35. Nf5 Qf6 36. Nxe7 Rxe7 37. f3 Rc7 38. Ra8+ Kh7 39. Qb3 Qf4 40. Qg8+
Kg6 41. Qe6+ Qf6 42. Re8 h5 43. Qb3 Re7 44. Rc8 Ra7 45. Qc3 Qf4 46. Rxc6 Qc1+
47. Kh2 Qf4+ 48. Kg1 Qc1+ 49. Kf2 Ra1 50. Rxd6+ Kh7 51. Qd2 Qg1+ 52. Kg3 Rf1
53. h4 Qa7 54. Re6 Qa1 55. c3 Rh1 56. Rxe5 Qg1 57. Rxh5+ Kg6 58. Qg5+ Kf7 59.
Qd5+ 1-0

[Event "44th Chess Olympiad Open 2022"]
[Site "Chennai"]
[Date "2022.08.01"]
[Round "4.20"]
[White "Supi, Luis Paulo"]
[Black "Hossain, Enamul"]
[Result "1-0"]
[WhiteElo "2603"]
[BlackElo "2377"]
[Annotator "TA"]
[PlyCount "105"]
[EventDate "2022.07.29"]
[EventType "team-tourn"]
[EventCountry "IND"]
[SourceTitle "playchess.com"]
[Source "ChessBase"]
[SourceQuality "1"]
[WhiteTeam "Brazil"]
[BlackTeam "Bangladesh"]
[WhiteTeamCountry "BRA"]
[BlackTeamCountry "BAN"]

1. e4 e5 2. Nf3 Nf6 3. Nxe5 d6 4. Nf3 Nxe4 5. d4 d5 6. Bd3 Bd6 7. O-O O-O 8. c4
c6 9. Nc3 Nxc3 10. bxc3 dxc4 11. Bxc4 Bf5 12. Bg5 Qa5 13. d5 Be4 14. dxc6 Bxf3
15. Qxf3 Nxc6 16. Bd5 Rae8 17. Rad1 Ne7 18. h4 Nxd5 19. Rxd5 Qa6 20. Rfd1 Be7
21. Qg3 f6 22. Bh6 Rf7 23. R1d2 Bf8 24. Be3 Qa3 25. R5d3 b6 26. Qf3 Qa4 27. Rd4
Qb5 28. a4 Qe5 29. Rc4 Rc7 30. Rxc7 Qxc7 31. Qd5+ Qf7 32. Qc6 Re6 33. Qf3 Qc7
34. Qd5 Qf7 35. a5 h5 36. a6 Re7 37. Qf3 Rc7 38. Rd8 Rxc3 39. Qb7 Qc7 40. Re8
Rc6 41. Qa8 Rc1+ 42. Bxc1 Qxc1+ 43. Kh2 Qf4+ 44. g3 Qxf2+ 45. Qg2 Qc5 46. Rd8
Kh7 47. Rd5 Qc4 48. Rxh5+ Kg6 49. Rh8 Bc5 50. Qf3 Qc2+ 51. Kh3 Kf7 52. Qd5+ Ke7
53. Rc8 1-0

[Event "44th Chess Olympiad Open 2022"]
[Site "Chennai"]
[Date "2022.08.01"]
[Round "4.20"]
[White "Mekhitarian, Krikor Sevag"]
[Black "Zia, Tahsin Tajwar"]
[Result "1-0"]
[WhiteElo "2542"]
[BlackElo "2307"]
[Annotator "TA"]
[PlyCount "117"]
[EventDate "2022.07.29"]
[EventType "team-tourn"]
[EventCountry "IND"]
[SourceTitle "playchess.com"]
[Source "ChessBase"]
[SourceQuality "1"]
[WhiteTeam "Brazil"]
[BlackTeam "Bangladesh"]
[WhiteTeamCountry "BRA"]
[BlackTeamCountry "BAN"]

1. d4 d5 2. c4 e6 3. Nf3 Nf6 4. Nc3 a6 5. cxd5 exd5 6. Bg5 Be6 7. e3 Nbd7 8.
Bd3 c6 9. h3 Bd6 10. Bf4 Qc7 11. Bxd6 Qxd6 12. O-O O-O 13. Qb3 Rab8 14. a4 a5
15. Qa3 Qxa3 16. Rxa3 h6 17. Rb1 Ne8 18. b4 axb4 19. Rxb4 Nd6 20. Ra1 Rfc8 21.
Rb2 Ra8 22. Ne5 f6 23. Nxd7 Bxd7 24. g4 Ra7 25. Rab1 Rca8 26. f3 Ra5 27. Kf2
Kf8 28. Ke2 Ke7 29. Rg1 Kf8 30. Kd2 Re8 31. Rb6 Ke7 32. h4 Kd8 33. Rbb1 Kc7 34.
Rg2 Re7 35. Rc1 Kb8 36. g5 hxg5 37. hxg5 f5 38. Rh2 Re8 39. Rh7 Rg8 40. Rch1
Kc7 41. Rh8 Raa8 42. Rxg8 Rxg8 43. Ne2 Be8 44. Nf4 Kd7 45. a5 Ke7 46. Kc3 Bd7
47. Ng6+ Kd8 48. Rh7 Be8 49. Ne5 Bd7 50. Kb4 Be8 51. Kc5 Kc7 52. Bc2 Bd7 53.
Bb1 Be8 54. Bd3 Bd7 55. Ng6 Nf7 56. f4 Kd8 57. Kb6 Nd6 58. Ne5 Nc8+ 59. Kxb7
1-0

[Event "44th Chess Olympiad Open 2022"]
[Site "Chennai"]
[Date "2022.08.01"]
[Round "4.20"]
[White "Rahman, Ziaur"]
[Black "Fier, Alexandr"]
[Result "1-0"]
[WhiteElo "2424"]
[BlackElo "2567"]
[Annotator "TA"]
[PlyCount "125"]
[EventDate "2022.07.29"]
[EventType "team-tourn"]
[EventCountry "IND"]
[SourceTitle "playchess.com"]
[Source "ChessBase"]
[SourceQuality "1"]
[WhiteTeam "Bangladesh"]
[BlackTeam "Brazil"]
[WhiteTeamCountry "BAN"]
[BlackTeamCountry "BRA"]

1. Nf3 d5 2. g3 g6 3. Bg2 Bg7 4. d4 c6 5. O-O Nf6 6. c4 dxc4 7. a4 Ne4 8. Nc3
Nd6 9. e4 O-O 10. e5 Nf5 11. g4 Nh6 12. h3 Na6 13. Qe2 Nb4 14. Qxc4 a5 15. Bg5
Kh8 16. Rfd1 Be6 17. Qe2 Bb3 18. Rd2 f6 19. Bh4 Nd5 20. Bg3 f5 21. Ra3 fxg4 22.
hxg4 Qb6 23. Ne4 Qb4 24. Nfg5 Bc4 25. Qd1 Nf4 26. Bf1 Bd5 27. Nc3 Bc4 28. Bxc4
Qxc4 29. Nce4 Qd5 30. f3 Ne6 31. Nxe6 Qxe6 32. Qb3 Qxb3 33. Rxb3 b5 34. Kg2
bxa4 35. Ra3 Nf7 36. Rxa4 h5 37. Rc4 hxg4 38. fxg4 Nd8 39. Nc5 Bh6 40. Re2 Kg8
41. b3 Bf4 42. Nd7 Bxg3 43. Nxf8 Kxf8 44. Kxg3 Kf7 45. Rf2+ Ke8 46. Rc5 Rb8 47.
Rxa5 Rxb3+ 48. Rf3 Rb4 49. d5 cxd5 50. Rxd5 Ne6 51. Ra5 Re4 52. Ra8+ Kd7 53.
Rd3+ Rd4 54. Rxd4+ Nxd4 55. Rg8 Ke6 56. Rxg6+ Kxe5 57. Kh4 Kf4 58. Kh5 Kg3 59.
g5 Ne2 60. Kh6 e5 61. Re6 Kf4 62. g6 Nd4 63. Rf6+ 1-0